000 00606nam a22001817a 4500
005 20251108170809.0
008 250721s1985 xx 000 0 ara d
082 1 4 _a131.32/تغل
245 1 0 _aتغلب على الخجل :
_bاعتمدنا على أفكارنا و آراء و مؤلفات العلماء /
264 1 _aبيروت :
_bدار مكتبة الهلال،
_c1985.
300 _a160ص
490 0 _aسلسلة في سبيل موسوعة نفسية ؛ 7
650 1 7 _aالصحة النفسية
650 1 7 _aالخجل
650 1 7 _aالتشاؤم
942 _2ddc
_cBK
999 _c49202
_d49202